000 00348nam a2200145 i 4500
001 bg
100 1 _aŚWITALSKI, S.
245 0 _aĆwiczenia tablicowe z dynamiki i automatyzacji /
_cS. Świtalski.
250 _aWyd.2.
260 _aGliwice,
_c1986.
040 _cBPK
041 _apol
942 _cKS
008 s pl f |000 0 pol
999 _c3276
_d3276
856 _uhttp://koha.tu.koszalin.pl/cgi-bin/koha/opac-detail.pl?biblionumber=3276
_yKatalog online BPK